| 000 | 00375nam a2200169Ia 4500 | ||
|---|---|---|---|
| 100 | _aHughes/Bob | ||
| 650 | _aProject Management | ||
| 250 | _a4 | ||
| 942 | _cBK | ||
| 366 | _f20 | ||
| 654 | _asoftware | ||
| 245 | _aSoftware Project Management | ||
| 260 |
_bTata Mc Graw hill Ltd. _aNew Delhi _c2006 |
||
| 082 |
_a005.15/HUG _bHUG |
||
| 300 | _a357 | ||
| 546 | _aENGLISH | ||
| 999 |
_c31176 _d31176 |
||